Podivuhodný příběh Petra Schlemihla /

Hlavní autor: Chamisso, Adelbert von, 1781-1838
Další autoři: Levit, Pavel, 1902-1971, Levitová, Berta, Müller, Karel, 1899-1977
Jazyk: Čeština
Vydáno: Praha : Československý spisovatel, 1959
Vydání: 1. vyd. (v ČS)
Edice: Edice ilustrovaných novel
Fyzický popis: 117 s.
Knihy
Uloženo v:
LEADER 01048nam a22002772a 4500
001 000064761
003 CZ BrMZK
005 20040225114018.0
008 010907s1959 xr f cze d
015 |a cnb000465214 
035 |a (OCoLC)72322761 
040 |a BOA001  |b cze  |c BOA002 
041 1 |a cze  |h ger 
100 1 |a Chamisso, Adelbert von,  |d 1781-1838  |7 jn20000603091  |4 aut 
245 1 0 |a Podivuhodný příběh Petra Schlemihla /  |c Adalbert von Chamisso ; z něm. orig. Chamissos Werke in trei Teilen přel. Berta a Pavel Levitovi 
250 |a 1. vyd. (v ČS) 
260 |a Praha :  |b Československý spisovatel,  |c 1959 
300 |a 117 s. 
490 1 |a Edice ilustrovaných novel ;  |v sv. 45 
700 1 |a Levit, Pavel,  |d 1902-1971  |7 jk01071977  |4 trl 
700 1 |a Levitová, Berta  |7 xx0020322  |4 trl 
700 1 |a Müller, Karel,  |d 1899-1977  |7 jk01082438  |4 ill 
830 0 |a Edice ilustrovaných novel  |0 s 
910 |a BOA001  |b PK-0022.944 
990 |a BK 
996 7 |b 3119961935  |c PK-0022.944  |l MZK  |r Sklad / do 1 hodiny  |n 20  |w 000064761  |u 000010  |a 1  |e BOA001  |j MZK50  |s A